[Event "SWE-chT2 0809"]
[Site "Sweden"]
[Date "2008.12.06"]
[Round "3"]
[White "Asberg, Anders"]
[Black "Soderberg, Per"]
[Result "0-1"]
[WhiteElo "2201"]
[BlackElo "2230"]
[PlyCount "74"]
[EventDate "2008.10.25"]
[EventType "team-tourn"]
[EventRounds "9"]
[EventCountry "SWE"]
[SourceTitle "EXT 2011"]
[Source "ChessBase"]
[SourceDate "2010.11.26"]
[SourceVersion "1"]
[SourceVersionDate "2010.11.26"]
[SourceQuality "1"]

1. e4 c5 2. Nf3 d6 3. d4 cxd4 4. Nxd4 Nf6 5. Nc3 a6 6. Be2 e5 7. Nb3 Be6 8. 0-0 Be7 9. f4 Qc7 10. Nd5 Bxd5 11. exd5 Nbd7 12. Be3 b5 13. Rc1 Nb6 14. fxe5 dxe5 15. Rxf6 gxf6 16. Bxb6 Qxb6+ 17. Kh1 Rd8 18. c4 bxc4 19. Rxc4 Qb7 20. Bf3 f5 21. d6 e4 22. Nc5 Qb5 23. d7+ Kf8 24. Be2 Bxc5 25. Qc1 Rg8 26. a4 Qxd7 27. Rxc5 Qd2 28. Qc4 Qe1+ 29. Bf1 Qf2 30. Rc7 Rg7 31. Rc8 Rxc8 32. Qxc8+ Ke7 33. Qc7+ Kf6 34. Qd8+ Kg6 35. Qd6+ f6 36. Qd1 Rd7 37. Qc1 Rd2 0-1

[Event "Rilton Cup 34th"]
[Site "Stockholm"]
[Date "2005.01.02"]
[Round "6"]
[White "Forsberg, Viktor"]
[Black "Asberg, Anders"]
[Result "1-0"]
[WhiteElo "2137"]
[BlackElo "1954"]
[PlyCount "109"]
[EventDate "2004.12.27"]
[EventType "swiss"]
[EventRounds "9"]
[EventCountry "SWE"]
[SourceTitle "CBM 104 Extra"]
[Source "ChessBase"]
[SourceDate "2005.03.01"]
[SourceVersion "1"]
[SourceVersionDate "2005.03.01"]
[SourceQuality "1"]

1. e4 c5 2. Nf3 Nc6 3. d4 cxd4 4. Nxd4 g6 5. c4 Bg7 6. Nc2 d6 7. Be2 Nf6 8. Nc3 0-0 9. 0-0 Bd7 10. Be3 Rc8 11. Qd2 b6 12. f3 Na5 13. b3 Ne8 14. Rac1 Nb7 15. Nd4 a5 16. Rfd1 Nc5 17. Bf1 Nc7 18. Rb1 N7e6 19. Ndb5 Nc7 20. Nxc7 Rxc7 21. Nd5 Rc8 22. a3 Bc6 23. Nc3 Ra8 24. Nd5 Re8 25. Qf2 Rb8 26. Kh1 Rb7 27. b4 Na4 28. Rbc1 Bb2 29. Bd4 Bxa3 30. Rb1 Bxd5 31. cxd5 Bxb4 32. Bb5 Nc5 33. Bxe8 Qxe8 34. Ba1 f6 35. Qe2 b5 36. f4 Na4 37. Rbc1 Ba3 38. Rc6 Nc5 39. e5 fxe5 40. fxe5 Rb8 41. exd6 exd6 42. Qxe8+ Rxe8 43. Rc7 Re2 44. Bd4 Nb3 45. Rc8+ Kf7 46. Rf1+ Ke7 47. Rc7+ Ke8 48. Bg7 Kd8 49. Ra7 Re8 50. Ra8+ Kc7 51. Rxe8 a4 52. Rf7+ Kb6 53. Rc8 Bc5 54. Bc3 b4 55. Rb8+ 1-0

[Event "Rilton Cup 34th"]
[Site "Stockholm"]
[Date "2004.12.29"]
[Round "3"]
[White "Hagberg, Martin"]
[Black "Asberg, Anders"]
[Result "1-0"]
[WhiteElo "2203"]
[BlackElo "1954"]
[PlyCount "55"]
[EventDate "2004.12.27"]
[EventType "swiss"]
[EventRounds "9"]
[EventCountry "SWE"]
[SourceTitle "CBM 104 Extra"]
[Source "ChessBase"]
[SourceDate "2005.03.01"]
[SourceVersion "1"]
[SourceVersionDate "2005.03.01"]
[SourceQuality "1"]

1. e4 c5 2. Nf3 Nc6 3. d4 cxd4 4. Nxd4 g6 5. Nxc6 bxc6 6. Qd4 Nf6 7. Nc3 d6 8. Bc4 Bg7 9. 0-0 0-0 10. Bg5 h6 11. Bh4 g5 12. Bg3 Nd5 13. e5 Nxc3 14. Qxc3 Qb6 15. Rad1 Rb8 16. Qa3 d5 17. Bd3 e6 18. b3 a5 19. Qa4 Ba6 20. Qg4 Bxd3 21. Rxd3 Qb4 22. f4 Qe4 23. h4 gxf4 24. Bxf4 Kh7 25. Rg3 Bxe5 26. Bxe5 Qxe5 27. Kh2 Rb4 28. Rxf7+ 1-0

[Event "Politiken Cup 26th"]
[Site "Copenhagen"]
[Date "2004.07.29"]
[Round "7"]
[White "Norton, Craig"]
[Black "Asberg, Anders"]
[Result "1/2-1/2"]
[WhiteElo "2108"]
[BlackElo "1886"]
[PlyCount "107"]
[EventDate "2004.07.24"]
[EventType "swiss"]
[EventRounds "10"]
[EventCountry "DEN"]
[SourceTitle "CBM 101 Extra"]
[Source "ChessBase"]
[SourceDate "2004.09.01"]
[SourceVersion "2"]
[SourceVersionDate "2004.09.01"]
[SourceQuality "1"]

1. d4 d5 2. Nf3 Nf6 3. Bf4 g6 4. e3 Bg7 5. Nc3 c6 6. Be2 0-0 7. h4 Bg4 8. Ne5 Bxe2 9. Qxe2 Nbd7 10. 0-0-0 Rc8 11. h5 Nxe5 12. dxe5 Nd7 13. hxg6 fxg6 14. e6 Nc5 15. Qg4 Qa5 16. Rxh7 Kxh7 17. Rh1+ Kg8 18. Qxg6 Rf6 19. Qh7+ Kf8 20. Bh6 Nxe6 21. Bxg7+ Nxg7 22. Qh8+ Kf7 23. Qxc8 d4 24. Ne4 dxe3 25. fxe3 Rf5 26. Qxb7 Qd5 27. Qb3 Re5 28. Rf1+ Kg6 29. Qxd5 cxd5 30. Nc3 Nf5 31. e4 dxe4 32. Rf4 Nd6 33. b3 e3 34. Kd1 Kg5 35. Ne2 Nf5 36. c4 Ra5 37. a4 Ra6 38. c5 Rh6 39. Rc4 Rh1+ 40. Kc2 Re1 41. Nd4 Nxd4+ 42. Rxd4 Kf5 43. g4+ Ke5 44. Rd1 Re2+ 45. Kd3 Rb2 46. Kxe3 Rxb3+ 47. Rd3 Rb4 48. g5 Rc4 49. Rd7 Rc3+ 50. Kd2 Rxc5 51. Rxe7+ Kd6 52. Rg7 Ra5 53. Rg8 Ke6 54. Kc3 1/2-1/2

[Event "Rilton Cup 33rd"]
[Site "Stockholm"]
[Date "2004.01.03"]
[Round "7"]
[White "Janse, Love"]
[Black "Asberg, Anders"]
[Result "1/2-1/2"]
[WhiteElo "2152"]
[BlackElo "1886"]
[PlyCount "70"]
[EventDate "2003.12.27"]
[EventType "swiss"]
[EventRounds "9"]
[EventCountry "SWE"]
[SourceTitle "CBM 097 Extra"]
[Source "ChessBase"]
[SourceDate "2004.01.13"]
[SourceVersion "1"]
[SourceVersionDate "2004.01.13"]
[SourceQuality "1"]

1. e4 c5 2. f4 Nc6 3. Nf3 b6 4. Nc3 Bb7 5. Bc4 e6 6. 0-0 Be7 7. Kh1 Nf6 8. e5 Ng4 9. d4 cxd4 10. Nxd4 Nxd4 11. Qxg4 Nf5 12. Bd3 h5 13. Qe2 h4 14. Bxf5 exf5 15. h3 Rh6 16. Qd3 Rg6 17. Nd5 Rc8 18. c4 b5 19. b3 bxc4 20. bxc4 Ba6 21. Ne3 Rg3 22. Qxf5 g6 23. Qb1 Bc5 24. f5 Bxe3 25. Bxe3 Rxe3 26. fxg6 Qg5 27. gxf7+ Kf8 28. Qb4+ Qe7 29. Qd2 Qxe5 30. Rae1 Rxh3+ 31. Kg1 Qh2+ 32. Kf2 Qg3+ 33. Kg1 Qh2+ 34. Kf2 Qg3+ 35. Kg1 Qh2+ 1/2-1/2

[Event "SWE-ch U18"]
[Site "Umea"]
[Date "2003.07.12"]
[Round "13"]
[White "Asberg, Anders"]
[Black "Semcesen, Daniel"]
[Result "0-1"]
[WhiteElo "2097"]
[BlackElo "2333"]
[PlyCount "50"]
[EventDate "2003.06.29"]
[EventType "tourn"]
[EventRounds "13"]
[EventCountry "SWE"]
[SourceTitle "EXT 2004"]
[Source "ChessBase"]
[SourceDate "2003.11.25"]
[SourceVersion "1"]
[SourceVersionDate "2003.11.25"]
[SourceQuality "1"]

1. e4 c5 2. Nf3 Nc6 3. d4 cxd4 4. Nxd4 Nf6 5. Nc3 e5 6. Ndb5 d6 7. Nd5 Nxd5 8. exd5 Nb8 9. c4 a6 10. Nc3 Be7 11. Be2 0-0 12. 0-0 Nd7 13. Kh1 f5 14. f4 Bf6 15. Be3 exf4 16. Bxf4 Be5 17. Bxe5 Nxe5 18. Qd4 Bd7 19. b4 Rf6 20. c5 Rh6 21. Bc4 Qf6 22. c6 Nf3 23. Rxf3 Qxd4 24. cxd7 Qxc4 25. Re1 Rxh2+ 0-1

[Event "SWE-ch U18"]
[Site "Umea"]
[Date "2003.07.06"]
[Round "7"]
[White "Asberg, Anders"]
[Black "Janse, Love"]
[Result "0-1"]
[WhiteElo "2097"]
[BlackElo "2082"]
[PlyCount "102"]
[EventDate "2003.06.29"]
[EventType "tourn"]
[EventRounds "13"]
[EventCountry "SWE"]
[SourceTitle "EXT 2004"]
[Source "ChessBase"]
[SourceDate "2003.11.25"]
[SourceVersion "1"]
[SourceVersionDate "2003.11.25"]
[SourceQuality "1"]

1. e4 g6 2. d4 Bg7 3. Nc3 c6 4. Be3 d6 5. Qd2 Nd7 6. f3 e5 7. Nge2 Ngf6 8. g4 Qe7 9. 0-0-0 h5 10. g5 Nh7 11. f4 exf4 12. Bxf4 Nhf8 13. d5 c5 14. h4 Ne5 15. Ng3 a6 16. Be2 b5 17. Rdf1 Nfd7 18. Nd1 b4 19. Rf2 Nb6 20. Rhf1 Rh7 21. Kb1 Bh3 22. Rh1 Bd7 23. Ne3 a5 24. Qd1 c4 25. Ngf1 c3 26. Bxe5 Bxe5 27. Nc4 Na4 28. b3 Nc5 29. Nxe5 Qxe5 30. Bd3 a4 31. Ne3 axb3 32. cxb3 Qd4 33. Bc4 Qxe3 34. Re2 Qf4 35. e5 dxe5 36. Rf1 Bf5+ 37. Ka1 Qg3 38. Rfe1 e4 39. Qd4 Qd6 40. Re3 Qh2 41. R3e2 Qd6 42. Re3 Ke7 43. R1e2 Rhh8 44. Kb1 Rhd8 45. Rf2 Ra3 46. Bb5 Nd7 47. Bxd7 Rxd7 48. Rfe2 Ra5 49. a3 Rxd5 50. Qxb4 Qxb4 51. axb4 Rd3 0-1

[Event "SWE-ch U18"]
[Site "Umea"]
[Date "2003.07.04"]
[Round "6"]
[White "Thurn, Magnus"]
[Black "Asberg, Anders"]
[Result "1-0"]
[WhiteElo "2122"]
[BlackElo "2097"]
[PlyCount "53"]
[EventDate "2003.06.29"]
[EventType "tourn"]
[EventRounds "13"]
[EventCountry "SWE"]
[SourceTitle "EXT 2004"]
[Source "ChessBase"]
[SourceDate "2003.11.25"]
[SourceVersion "1"]
[SourceVersionDate "2003.11.25"]
[SourceQuality "1"]

1. e4 c5 2. Nc3 Nc6 3. g3 e6 4. Bg2 Nf6 5. Nge2 Be7 6. d4 cxd4 7. Nxd4 0-0 8. 0-0 d5 9. exd5 Nxd5 10. Nxd5 exd5 11. c3 Bf6 12. Be3 Re8 13. Qb3 Re5 14. Rad1 Na5 15. Qc2 Bg4 16. Rd3 Nc4 17. Re1 Qe7 18. b3 Nd6 19. h3 Bf5 20. Nxf5 Nxf5 21. Rxd5 Rxe3 22. fxe3 Nxe3 23. Qd3 Re8 24. Rd7 Qc5 25. b4 Qxc3 26. Qxc3 Bxc3 27. Rxe3 1-0

[Event "SWE-ch U18"]
[Site "Umea"]
[Date "2003.07.03"]
[Round "5"]
[White "Asberg, Anders"]
[Black "Wallin, Denis"]
[Result "1/2-1/2"]
[WhiteElo "2097"]
[BlackElo "2259"]
[PlyCount "60"]
[EventDate "2003.06.29"]
[EventType "tourn"]
[EventRounds "13"]
[EventCountry "SWE"]
[SourceTitle "EXT 2004"]
[Source "ChessBase"]
[SourceDate "2003.11.25"]
[SourceVersion "1"]
[SourceVersionDate "2003.11.25"]
[SourceQuality "1"]

1. e4 c6 2. d4 d5 3. Nf3 Bg4 4. e5 e6 5. c3 Qb6 6. Be2 Ne7 7. b3 c5 8. 0-0 Nd7 9. Bb2 Nc6 10. Nbd2 cxd4 11. cxd4 Be7 12. Re1 0-0 13. h3 Bh5 14. a3 f6 15. exf6 Bxf6 16. Ne5 Bxe5 17. Bxh5 Bxd4 18. Bxd4 Nxd4 19. Nf3 Nxf3+ 20. Bxf3 Kh8 21. Ra2 Rf6 22. Rae2 Raf8 23. b4 h6 24. Qd2 Rd8 25. a4 a5 26. bxa5 Qd6 27. Rb1 Ne5 28. Bh5 Nc4 29. Qc3 Qa6 30. Rb5 Nd6 1/2-1/2

[Event "SWE-ch U18"]
[Site "Umea"]
[Date "2003.06.29"]
[Round "1"]
[White "Frisk, Markus"]
[Black "Asberg, Anders"]
[Result "1-0"]
[WhiteElo "1898"]
[BlackElo "2097"]
[PlyCount "87"]
[EventDate "2003.06.29"]
[EventType "tourn"]
[EventRounds "13"]
[EventCountry "SWE"]
[SourceTitle "EXT 2004"]
[Source "ChessBase"]
[SourceDate "2003.11.25"]
[SourceVersion "1"]
[SourceVersionDate "2003.11.25"]
[SourceQuality "1"]

1. d4 Nf6 2. c4 c5 3. d5 b5 4. cxb5 a6 5. bxa6 Bxa6 6. Nc3 g6 7. e4 Bxf1 8. Kxf1 d6 9. g3 Bg7 10. Kg2 Nbd7 11. Nf3 0-0 12. Re1 Nb6 13. Re2 Ra7 14. Qc2 Qa8 15. Rb1 Nfd7 16. b3 Rc8 17. Be3 Ra6 18. Nd1 h6 19. h3 Rc7 20. b4 c4 21. Nc3 Bxc3 22. Qxc3 Ra3 23. Qc2 Na4 24. Bd4 c3 25. Qc1 Nab6 26. Qxh6 Nf6 27. Bxb6 c2 28. Rc1 Rcc3 29. Rexc2 Rxc2 30. Rxc2 Nxe4 31. Rc4 Rxf3 32. Kxf3 Nf6 33. Qd2 Nxd5 34. Rc8+ Qxc8 35. Qxd5 Qc3+ 36. Kg2 Qxb4 37. Qa8+ Kg7 38. Be3 e6 39. a4 d5 40. a5 Qe4+ 41. Kh2 e5 42. a6 Qd3 43. a7 e4 44. Qb8 1-0